000 00339nam a2200133Ia 4500
008 240624s9999 xx 000 0 und d
041 _aeng
082 _a335 BAR
100 _aBARONE CHARLES A
245 _aRADICAL POLITICAL ECONOMY A CONCISE INTR
260 _c2004
_aNew Delhi
_bPrentice-Hall of India
300 _axi, : 176
365 _cRS
999 _c271
_d271